00885nam a2200181 i 4500001000700000003000900007005001700016008004100033100004400074245007400118260005600192300002200248500012500270651003800395852011800433999001900551952013300570152476ES-MaACL20250603174235.0931025s1888 sp |||| | spa d1 aBotella, Cristóbal,d1867-192193074513aEl problema de la emigración b: Memoria / cpor Cristobal Botella. aMadrid : b[s.n.], c1888 (fTip. de los Huerfanos) a256 p. ; c26 cm. aMemoria premiada con accésit por la Real Academia de Ciencias Morales y Políticas, en el concurso ordinario de 1836. 7aEspaña-xEmigración29147695 aES-MaACLjF-M-III-O (VII) z-- Enc. pasta española q-- Falto de la cub. original z-- Enc. en un vol. facticio c152476d152476 001040708LIBXIXaATENEOMbATENEOMcADMd2008-01-17eSSCl0oF-M-III-O (VII)p1159217r2023-02-23 00:00:00w2023-02-23yMONANT